Jeux olympiques d'été Paris 1924 - Tableau des médailles - Statistiques

Statistiques générales
  • Ce quiz a été pris 11 066 fois
    11 058 depuis la dernière actualisation
  • Le résultat moyen est 12 sur 19
Statistiques - réponses
O A B Total Pays % Correct
45 27 27 99 États-Unis
99%
13 15 10 38 France
99%
9 13 12 34 Grande-Bretagne
88%
8 3 5 16 Italie
87%
4 13 12 29 Suède
71%
2 1 2 6 Australie
70%
3 7 3 13 Belgique
70%
5 2 3 10 Norvège
68%
7 8 10 25 Suisse
68%
4 1 5 10 Pays-Bas
67%
14 13 10 37 Finlande
64%
2 5 2 9 Danemark
55%
2 0 0 2 Yougoslavie
52%
2 3 4 9 Hongrie
50%
1 3 2 6 Argentine
49%
1 4 5 10 Tchécoslovaquie
38%
1 1 1 3 Afrique du Sud
30%
1 1 4 6 Estonie
20%
1 0 0 1 Uruguay
20%
Aucun quiz correspondant
Distribution des résultats
% des personnes avec chaque résultat
Percentile par nombre de réponses
Votre historique - résultats
Vous n’avez pas pris ce quiz depuis la dernière actualisation